000 00348nam a2200145 i 4500
001 bg
100 1 _aSTOCH, Leszek
245 0 _aMinerały ilaste /
_cLeszek Stoch.
260 _aWarszawa :
_bWydawnictwa Geologiczne,
_c1974.
650 9 _aMinerały
040 _cBPK
041 _apol
942 _cKS
008 s pl f |000 0 pol
999 _c26374
_d26374
856 _uhttp://koha.tu.koszalin.pl/cgi-bin/koha/opac-detail.pl?biblionumber=26374
_yKatalog online BPK